Auto upkeep : (Record no. 434)

MARC details
000 -LEADER
fixed length control field 00766cam a22002654a 4500
005 - DATE AND TIME OF LATEST TRANSACTION
control field 20260322212019.0
008 - FIXED-LENGTH DATA ELEMENTS--GENERAL INFORMATION
fixed length control field data
010 ## - LIBRARY OF CONGRESS CONTROL NUMBER
LC control number 2007920997
020 ## - INTERNATIONAL STANDARD BOOK NUMBER
International Standard Book Number 9780974079264
020 ## - INTERNATIONAL STANDARD BOOK NUMBER
International Standard Book Number 9780974079219 (pbk.)
020 ## - INTERNATIONAL STANDARD BOOK NUMBER
International Standard Book Number 0974079219
040 ## - CATALOGING SOURCE
Original cataloging agency DLC
Transcribing agency DLC
Modifying agency DLC
050 00 - LIBRARY OF CONGRESS CALL NUMBER
Classification number TL152
Item number .G6387 2007
082 00 - DEWEY DECIMAL CLASSIFICATION NUMBER
Classification number 629.28/72
Edition information 22
092 ## - LOCALLY ASSIGNED DEWEY CALL NUMBER (OCLC)
Classification number 629.28 G6387 2007
001 - CONTROL NUMBER
control field data
100 1# - MAIN ENTRY--PERSONAL NAME
Personal name Gray, Michael E.
245 10 - TITLE STATEMENT
Title Auto upkeep :
Remainder of title basic car care, maintenance, and repair /
Statement of responsibility, etc. Michael E. Gray & Linda E. Gray.
250 ## - EDITION STATEMENT
Edition statement 2nd ed.
260 ## - PUBLICATION, DISTRIBUTION, ETC.
Place of publication, distribution, etc. New Windsor, Md. :
Name of publisher, distributor, etc. Rolling Hills Pub.,
Date of publication, distribution, etc. c2007.
300 ## - PHYSICAL DESCRIPTION
Extent 192 p. :
Other physical details ill. ;
Dimensions 28 cm.
500 ## - GENERAL NOTE
General note Includes index.
650 #0 - SUBJECT ADDED ENTRY--TOPICAL TERM
Topical term or geographic name entry element Automobiles
General subdivision Maintenance and repair
Form subdivision Popular works.
700 1# - ADDED ENTRY--PERSONAL NAME
Personal name Gray, Linda E.
Holdings
Withdrawn status Lost status Damaged status Not for loan Home library Current library Shelving location Date acquired Total checkouts Full call number Barcode Date last seen Price effective from Koha item type
        Troy Troy General stacks 22/03/2026   629.28/72 22 BC0010445 22/03/2026 22/03/2026 Books